| 000 | 00638ngm a2200193 4500 | ||
|---|---|---|---|
| 003 | OSt | ||
| 005 | 20211020124346.0 | ||
| 008 | b xx# fre u | ||
| 040 | _aLB-BrCRDP | ||
| 082 | 1 |
_a372.623 _bRIC. |
|
| 100 | 1 | _aRICHARD, CHRISTIAN | |
| 245 | 1 | 0 |
_aVidéo / Apprendre à écrire au collège _bUne pratique d'écriture en SEGPA _cCHRISTIAN RICHARD, MARYLINE DUGUET |
| 650 | _aEnseignement de l'écriture | ||
| 650 | _aVidéo -- Apprendre à écrire | ||
| 650 | _aEnseignement de l'écriture -- Français | ||
| 700 | 1 | _aDUGUET, MARYLINE | |
| 942 |
_cVM _2ddc |
||
| 999 |
_c5726 _d5726 |
||